| 000 | 01527cam a2200421 i 4500 | ||
|---|---|---|---|
| 001 | 38694 | ||
| 003 | KOSZ 005 | ||
| 005 | 20211206091153.0 | ||
| 008 | 010116s2000 pl a |000 0 pol | ||
| 015 | _aPB 2001/1027 | ||
| 020 | _a838849516X | ||
| 040 |
_aWA N _cKOSZ 005/HR _dKOSZ 005/HR _dKOSZ 005/HR |
||
| 041 | 1 |
_apol _hger |
|
| 046 | _k2000 | ||
| 080 | _a050+070 | ||
| 080 | _a316.77 | ||
| 080 | _a659.3 | ||
| 100 | 1 |
_aKunczik, Michael. _eAutor |
|
| 245 | 1 | 0 |
_aWprowadzenie do nauki o dziennikarstwie i komunikowaniu / _cMichael Kunczik, Astrid Zipfel ; [tł. Jerzy Łoziński, Wojciech Łukowski]. |
| 246 | 1 |
_iTyt. oryg.: _aEinführung in die Publizistik- und Kommunikationswissenschaft. |
|
| 260 |
_aWarszawa : _b"Scholar", _c2000. |
||
| 300 |
_a298, [1] s. : _bil. ; _c21 cm. |
||
| 336 |
_2rdacontent _aTekst _btxt |
||
| 337 |
_2rdamedia _aBez urządzenia pośredniczącego _bn |
||
| 338 |
_2rdacarrier _aWolumin _bnc |
||
| 380 | _aKsiążki | ||
| 504 | _aBibliogr. | ||
| 658 | _aMedia i komunikacja społeczna | ||
| 650 | 4 | _aŚrodki masowego przekazu | |
| 650 | 4 | _aKomunikacja społeczna | |
| 650 | 4 | _aDziennikarstwo | |
| 700 | 1 |
_aZipfel, Astrid. _eAutor |
|
| 700 | 1 |
_aŁukowski, Wojciech. _eTł. |
|
| 710 | 2 |
_aWydawnictwo Naukowe "Scholar" _4pbl. |
|
| 700 | 1 |
_aŁoziński, Jerzy _d(1947- ) _eTłumaczenie |
|
| 856 |
_uhttp://koha.tu.koszalin.pl/cgi-bin/koha/opac-detail.pl?biblionumber=38694 _yKatalog online BPK |
||
| 942 |
_2UKD _cKS |
||
| 999 |
_c38694 _d38694 |
||